00527pab a2200169 454500008004000000100002000040245003900060260000900099300001500108362001100123650003200134650002500166773003400191909001000225999001700235952010500252180718b1996 xxu||||| |||| 00| 0 eng d aGopalan, Rajesh aWashington takes aim at immigrants c1996 ap.2590-591 a21 Sep aImmigration - United States aPopulation migration aEconomic and Political Weekly a32007 c32007d32007 00104070aIIPAbIIPAd2018-07-19hVolume no: 31, Issue no: 38pAR32193r2018-07-19w2018-07-19yAR